| 000 | 00418nam a22001817a 4500 | ||
|---|---|---|---|
| 008 | 240220b |||||||| |||| 00| 0 eng d | ||
| 020 | _a9788176372848 | ||
| 040 | _a30 | ||
| 082 | _a615.538 SIN | ||
| 100 | _aSINGH , LAKSHMAN | ||
| 110 | _bAYURVEDA | ||
| 245 | _aCONCEPT OF VRANA IN AYURVEDA | ||
| 250 | _a1 ST | ||
| 260 |
_aVARANASI _bCHAUKHAMBA _c2015 |
||
| 300 | _a65 | ||
| 650 | _aPANCHAKARMA | ||
| 942 | _c01 | ||
| 999 |
_c58332 _d58332 |
||